=LDR 00000nam 2200000 4500 =001 INLIS000000000006516 =005 20200227082038 =035 ##$$a 0010-061300000006516 =008 200227################g##########0#ind## =041 ##$$a Ind =082 ##$$a 027.8 =090 ##$$a 027.8, Pet p =245 1#$$a Petunjuk teknis pembinaan dan pengembangan perpustakaan SD Inti /$c Perpustakaan Nasional RI =260 ##$$a Jakarta :$b Perpustakaan Nasional RI,$c 1999 =300 ##$$a i, 24 hlm : $b ilus ; $c 20 x 15,5 cm =650 #4$$a Perpustakaan Sekolah =850 ##$$a NBPNMAT =084 ##$$a 027.8 PET p =100 #$$a Petunjuk teknis pembinaan dan pengembangan perpustakaan SD Inti =990 ##$$a DW00023175 =990 ##$$a 150.080/Hd.99 =990 ##$$a 150.080/Hd.99 =990 ##$$a DW00023175 =990 ##$$a DW00023175 =990 ##$$a 150.080/Hd.99